Métodos de obtención y análisis de plantas transgénicas /

Guardado en:
Autor Principal: Echenique, Viviana.
Otros Autores: Spangerberg, Germán.
Formato: Libro
Idioma:Spanish
Publicado: Bahía Blanca : Universidad Nacional del Sur, Departamento de Agronomía, 1999.
Etiquetas: Agregar Etiqueta
Sin Etiquetas, Sea el primero en etiquetar este registro!
LEADER 00840nam a22002055a 4500
001 EEA.libagro006385
005 20180626093356.0
008 130809s1999####ag#a##########000#0#spa#d
020 |a 9879281306 
082 0 4 |a 631.53 
082 0 4 |a 581.15 
100 1 |a Echenique, Viviana. 
245 1 0 |a Métodos de obtención y análisis de plantas transgénicas /  |c Editores: Viviana Echenique, Germán Spangerberg. 
260 |a Bahía Blanca :  |b Universidad Nacional del Sur, Departamento de Agronomía,  |c 1999.  |f (EdiUNS) 
300 |a 154 p. :  |b il. ;  |c 23 cm. 
700 1 |a Spangerberg, Germán. 
859 |a AR-BbBCA  |b BIB. AGRONOMIA  |h 631.53  |i E18  |p 1999/3745 
859 |a AR-BbBCA  |b BIB. AGRONOMIA  |h 631.53  |i E18  |p 1999/3746  |t Ej.2 
859 |a AR-BbBCA  |b BIB. AGRONOMIA  |h 631.53  |i E18  |p 1999/3747  |t Ej.3 
859 |a AR-BbBCA  |b BIB. AGRONOMIA  |h 631.53  |i E18  |p 1999/3748  |t Ej.4